000 00442nam a2200169Ia 4500
008 210210b2012 xxu||||| |||| 00| 0 eng d
020 _a8127234117
041 _aeng
082 _a664.7 NAGH
100 _aNAGI (H P S)
245 _aHand book of cereal technology: a practical approach
260 _aLudhiyana
_bKalyani Publishers
_c2012
300 _ax,233
690 _aFood Technology
700 _aSHARMA (Savita)
906 _a070586
999 _c120043
_d120043